| 000 | 00511nam a2200157 a 4500 | ||
|---|---|---|---|
| 005 | 20210219153243.0 | ||
| 008 | 991125n 000 0 spa u | ||
| 035 | _aUPN01000086169 | ||
| 100 | _aNunez Orellana, Mario | ||
| 222 | _aPERSPECTIVA EDUCACIONAL | ||
| 245 | _aLos consejos regionales de educación para el trabajo, una experiencia inédita en América Latina y un desafío para la formación del magisterio | ||
| 300 | _a23-30 | ||
| 362 | _a1997 No. 30 | ||
| 904 |
_aAC _b023980 |
||
| 905 | _aArticulo | ||
| 999 |
_c72188 _d72188 |
||